[Event "MrDodgy Invitational 3"]
[Site "chess24.com INT"]
[Date "2022.11.27"]
[Round "1.2"]
[White "Pavel Eljanov"]
[Black "Daniil Dubov"]
[Result "1-0"]
[EventDate "2022.11.27"]
[WhiteElo "2706"]
[BlackElo "2708"]
[PlyCount "162"]

1. e4 c5 2. Nf3 Nc6 3. Bb5 e6 4. Bxc6 bxc6 5. d3 Ne7 6. Nbd2 d6 7. e5 d5 8. b3 a5 9. a4 Ng6 10. Bb2 Be7 11. Qe2 Nf4 12. Qf1 g5 13. g3 Ng6 14. h3 h5 15. O-O-O Ba6 16. c4 Qc7 17. Qe2 Kd7 18. Rde1 Rag8 19. Qe3 Nf8 20. h4 gxh4 21. Nxh4 Kc8 22. Kc2 Rh7 23. Ng2 Ng6 24. Nf3 Kd7 25. Rh2 Qb6 26. Reh1 Rgh8 27. Nd2 Qd8 28. Qf3 h4 29. gxh4 Rh5 30. Qe2 Nxh4 31. Nf3 Nxg2 32. Rxh5 Rxh5 33. Rxh5 Nf4 34. Qe3 Nxh5 35. Qh6 Qg8 36. Qxh5 Qg2 37. Nd2 Qxf2 38. Qf3 Qxf3 39. Nxf3 Bc8 40. Bc3 Bd8 41. Bd2 Ke8 42. Be3 Bb6 43. Bg5 Kd7 44. Kd2 Ke8 45. Bf6 Kf8 46. Ng5 Kg8 47. Ke3 Bd7 48. Kf4 Be8 49. Kg4 Bc7 50. Kh5 Bb6 51. Kh6 Bd7 52. Nf3 Bc7 53. Nh2 Bb6 54. Ng4 Bc7 55. Bg7 Bd8 56. Bf6 Bc7 57. Be7 f5 58. Nf6+ Kf7 59. Nxd7 Kxe7 60. Nxc5 Bxe5 61. Kg5 Bc7 62. cxd5 Kd6 63. Nxe6 Bb6 64. Kxf5 Kxd5 65. d4 Bxd4 66. Nf4+ Kc5 67. Ke4 Bf6 68. Nd3+ Kd6 69. Kf5 Bd8 70. Ke4 Kc7 71. Nb2 Be7 72. Nc4 Bd8 73. Kd3 Kd7 74. Nb2 Bc7 75. Nc4 Bd8 76. Ne3 Bc7 77. Kc4 Bd8 78. Nc2 Bc7 79. b4 Bd8 80. b5 Bb6 81. bxc6+ 1-0

[Event "MrDodgy Invitational 3"]
[Site "chess24.com INT"]
[Date "2022.11.27"]
[Round "1.3"]
[White "Daniil Dubov"]
[Black "Pavel Eljanov"]
[Result "1-0"]
[EventDate "2022.11.27"]
[WhiteElo "2708"]
[BlackElo "2706"]
[PlyCount "126"]

1. e4 e5 2. Nf3 Nc6 3. Bb5 Nf6 4. d3 Bc5 5. Nc3 d6 6. Na4 Bb6 7. c3 O-O 8. O-O Ne7 9. Re1 h6 10. h3 Bd7 11. Nxb6 axb6 12. Bc4 Ba4 13. b3 Bc6 14. d4 Nxe4 15. dxe5 d5 16. Bd3 Nxc3 17. Qd2 Ne4 18. Qf4 Bd7 19. Bb2 Ng6 20. Qe3 c5 21. Bxe4 dxe4 22. Nd2 Bc6 23. Nxe4 Qh4 24. a3 Rad8 25. Nd6 Nf4 26. Qg3 Qxg3 27. fxg3 Nd3 28. Re2 Nxb2 29. Rxb2 f6 30. Nc4 b5 31. Na5 fxe5 32. Nxc6 bxc6 33. Rc1 Rd5 34. Rbc2 Ra8 35. a4 bxa4 36. bxa4 Ra5 37. Rc4 Kf7 38. g4 Ke6 39. Kh2 Kd6 40. Kg3 Rd4 41. R4c2 Rdxa4 42. Kh4 Ra2 43. Rd1+ Ke6 44. Rc3 Rxg2 45. Rcd3 e4 46. Rd6+ Ke5 47. Rd7 e3 48. Re7+ Kf4 49. Rf1+ Rf2 50. Re1 Ra3 51. Rf7+ Ke4 52. Rxf2 c4 53. Rfe2 Rd3 54. Kg3 c3 55. h4 c5 56. g5 hxg5 57. hxg5 g6 58. Kg4 c4 59. Kg3 c2 60. Rxc2 c3 61. Rce2 Kd4 62. Kf3 c2 63. Rxc2 1-0

[Event "MrDodgy Invitational 3"]
[Site "chess24.com INT"]
[Date "2022.11.27"]
[Round "1.4"]
[White "Pavel Eljanov"]
[Black "Daniil Dubov"]
[Result "0-1"]
[EventDate "2022.11.27"]
[WhiteElo "2706"]
[BlackElo "2708"]
[PlyCount "48"]

1. e4 c5 2. Nf3 d6 3. d4 cxd4 4. Nxd4 Nf6 5. Nc3 Nc6 6. Bg5 g6 7. Bxf6 exf6 8. Bb5 Bd7 9. Qd2 Bg7 10. Nde2 Be6 11. O-O-O O-O 12. Nf4 Qb6 13. Ba4 f5 14. Nxe6 fxe6 15. Bb3 Nd4 16. f3 fxe4 17. Nxe4 d5 18. Ng5 h6 19. Nh3 a5 20. c3 Nxb3+ 21. axb3 a4 22. Qd3 a3 23. Kc2 axb2 24. Qxg6 Ra3 0-1

[Event "MrDodgy Invitational 3"]
[Site "chess24.com INT"]
[Date "2022.11.27"]
[Round "1.5"]
[White "Daniil Dubov"]
[Black "Pavel Eljanov"]
[Result "1-0"]
[EventDate "2022.11.27"]
[WhiteElo "2708"]
[BlackElo "2706"]
[PlyCount "88"]

1. d4 d5 2. Nf3 Nf6 3. c4 e6 4. g3 Bb4+ 5. Nbd2 dxc4 6. Bg2 b5 7. Ne5 Nd5 8. O-O O-O 9. Qc2 Bb7 10. b3 cxb3 11. Nxb3 Be7 12. Bd2 c6 13. Ba5 Qc8 14. Nc5 Bxc5 15. dxc5 Nd7 16. Nxd7 Qxd7 17. e4 Nf6 18. Rad1 Qe7 19. Rd6 e5 20. Rfd1 h6 21. f3 Rfc8 22. Bh3 Re8 23. Bf1 Bc8 24. Rxc6 Nh7 25. h4 Be6 26. Bxb5 Reb8 27. Be2 g5 28. h5 Rc8 29. Rcd6 g4 30. fxg4 Ng5 31. c6 Qf6 32. Rf1 Qe7 33. Rfd1 Qf6 34. Kg2 Qe7 35. c7 Kg7 36. Qc3 f6 37. Qc2 Nf7 38. Rc6 Qa3 39. Rxe6 Qxa5 40. Rd7 Kg8 41. Ree7 Ng5 42. Bc4+ Kh8 43. Qf2 Rf8 44. Qf5 1-0

[Event "MrDodgy Invitational 3"]
[Site "chess24.com INT"]
[Date "2022.11.27"]
[Round "1.6"]
[White "Pavel Eljanov"]
[Black "Daniil Dubov"]
[Result "1/2-1/2"]
[EventDate "2022.11.27"]
[WhiteElo "2706"]
[BlackElo "2708"]
[PlyCount "132"]

1. Nf3 Nf6 2. g3 Nc6 3. d4 g6 4. Bg2 Bg7 5. O-O O-O 6. d5 Nb4 7. c4 a5 8. Nc3 d6 9. Nd4 Bd7 10. a3 Na6 11. Rb1 Nc5 12. b4 axb4 13. axb4 Na4 14. Nxa4 Rxa4 15. Nb5 Ra2 16. Nc3 Ra8 17. Bb2 Ng4 18. h3 Ne5 19. Qb3 g5 20. f4 gxf4 21. gxf4 Ng6 22. Ne4 f6 23. Kh2 Kh8 24. Ng3 Rg8 25. Be4 Qc8 26. Nh5 Bf5 27. Qd3 Bxe4 28. Qxe4 Ra2 29. Rg1 Qf8 30. Qf5 Bh6 31. Rg4 Qf7 32. Kh1 c6 33. e3 cxd5 34. cxd5 Qf8 35. Bd4 Qc8 36. Qxc8 Rxc8 37. Rbg1 Rcc2 38. R4g2 Rxg2 39. Rxg2 Rxg2 40. Kxg2 Kg8 41. Ng3 Nh4+ 42. Kf2 f5 43. Ke2 Kf7 44. Kd3 e6 45. dxe6+ Kxe6 46. Kc4 Nf3 47. Kb5 Nxd4+ 48. exd4 Bxf4 49. Ne2 Be3 50. Kb6 f4 51. Kxb7 f3 52. Ng3 Bxd4 53. b5 Ke5 54. Kc6 Kf4 55. Nf1 f2 56. b6 Kf3 57. b7 Ba7 58. Kxd6 Kg2 59. Nd2 Kxh3 60. Ke6 h5 61. Kf5 Kg3 62. Ne4+ Kf3 63. Nxf2 Kxf2 64. Kg5 Ke3 65. Kxh5 Kd4 66. b8=Q Bxb8 1/2-1/2

[Event "MrDodgy Invitational 3"]
[Site "chess24.com INT"]
[Date "2022.11.27"]
[Round "1.7"]
[White "Daniil Dubov"]
[Black "Pavel Eljanov"]
[Result "1-0"]
[EventDate "2022.11.27"]
[WhiteElo "2708"]
[BlackElo "2706"]
[PlyCount "104"]

1. d4 Nf6 2. Nf3 d5 3. c4 e6 4. g3 Bb4+ 5. Nbd2 O-O 6. Bg2 b6 7. O-O Bb7 8. Ne5 a5 9. a3 Be7 10. b3 Nbd7 11. Bb2 c5 12. cxd5 exd5 13. e3 Qc7 14. Rc1 Rac8 15. Re1 Rfd8 16. Bh3 Rb8 17. Nxd7 Nxd7 18. Bg2 Nf6 19. Qc2 Ba8 20. dxc5 bxc5 21. Bxf6 gxf6 22. Nf3 c4 23. Nd4 Bxa3 24. Ra1 Bf8 25. bxc4 dxc4 26. Bxa8 Rxa8 27. Rec1 Rdc8 28. Ra4 Bb4 29. Qe4 Qe5 30. Qg4+ Kh8 31. Nf5 Rg8 32. Qf3 Rac8 33. Ra2 c3 34. Rac2 Rc4 35. Nd4 Rcc8 36. Rd1 Rg6 37. Nf5 Re8 38. Rd4 Rg5 39. Nh6 Kg7 40. h4 Rg6 41. Nf5+ Kh8 42. Rd7 Qe6 43. Rb7 Qe4 44. Qxe4 Rxe4 45. Rxf7 Re5 46. Nd4 Kg8 47. Rb7 Rg7 48. Rb8+ Kf7 49. Nc6 Re4 50. Ra2 Kg6 51. Rc8 Ra7 52. Nxa7 1-0

[Event "MrDodgy Invitational 3"]
[Site "chess24.com INT"]
[Date "2022.11.27"]
[Round "1.8"]
[White "Pavel Eljanov"]
[Black "Daniil Dubov"]
[Result "0-1"]
[EventDate "2022.11.27"]
[WhiteElo "2706"]
[BlackElo "2708"]
[PlyCount "52"]

1. d4 Nf6 2. Nf3 e6 3. Bf4 Nd5 4. Bg3 f5 5. e3 Be7 6. c4 Nf6 7. Nc3 O-O 8. Qc2 Bb4 9. O-O-O Bxc3 10. Qxc3 b5 11. d5 d6 12. dxe6 b4 13. Qc2 Na6 14. Nd4 Nc5 15. Be2 Nfe4 16. Nc6 Qf6 17. e7 Re8 18. Nxb4 Be6 19. Nc6 Bd7 20. Nd4 Rxe7 21. Kb1 Rb8 22. Ka1 f4 23. exf4 Ba4 24. Qc1 Bxd1 25. Rxd1 Na4 26. Nb3 Nxg3 0-1

[Event "MrDodgy Invitational 3"]
[Site "chess24.com INT"]
[Date "2022.11.25"]
[Round "1.2"]
[White "Daniil Dubov"]
[Black "Kamil Plichta"]
[Result "1-0"]
[EventDate "2022.11.25"]
[WhiteElo "2708"]
[BlackElo "2394"]
[PlyCount "62"]

1. e4 g6 2. h4 c5 3. h5 Nc6 4. hxg6 fxg6 5. Nc3 Nf6 6. Bb5 Nd4 7. Nf3 Nxb5 8. Nxb5 a6 9. Nc3 d6 10. e5 Ng4 11. Qe2 dxe5 12. Nxe5 Nxe5 13. Qxe5 Qd4 14. Qg3 Bf5 15. d3 Bg7 16. Be3 Qd6 17. Bf4 Qe6+ 18. Kf1 O-O-O 19. Re1 Qd7 20. Be5 Bf6 21. Rh4 Bxh4 22. Qxh4 Rhf8 23. Kg1 b6 24. b4 g5 25. Qc4 Kb7 26. bxc5 b5 27. Rb1 Bxd3 28. cxd3 Qxd3 29. Qe6 Qg6 30. Qxe7+ Kc6 31. Qa7 1-0

[Event "MrDodgy Invitational 3"]
[Site "chess24.com INT"]
[Date "2022.11.25"]
[Round "2.8"]
[White "Alexander Grischuk"]
[Black "Daniil Dubov"]
[Result "1/2-1/2"]
[EventDate "2022.11.25"]
[WhiteElo "2745"]
[BlackElo "2708"]
[PlyCount "46"]

1. d4 Nf6 2. Nf3 g6 3. g3 b6 4. Bg2 Bb7 5. O-O c5 6. c4 cxd4 7. Qxd4 Bg7 8. Nc3 d6 9. Rd1 Nbd7 10. b3 O-O 11. Bb2 a6 12. Ne1 Qb8 13. Nd5 Bxd5 14. Bxd5 Ra7 15. Bg2 Rc8 16. Nd3 Ne8 17. Qe3 Bxb2 18. Nxb2 Ndf6 19. Nd3 a5 20. Bh3 Rd8 21. Bg2 Rc8 22. Bh3 Rd8 23. Bg2 Rc8 1/2-1/2

[Event "MrDodgy Invitational 3"]
[Site "chess24.com INT"]
[Date "2022.11.25"]
[Round "3.1"]
[White "Daniil Dubov"]
[Black "Eric Rosen"]
[Result "1-0"]
[EventDate "2022.11.25"]
[WhiteElo "2708"]
[BlackElo "2356"]
[PlyCount "168"]

1. e4 e5 2. Nf3 Nf6 3. d4 Nxe4 4. Bd3 Nc6 5. O-O d5 6. Nxe5 Nxe5 7. dxe5 Nc5 8. Be3 Nxd3 9. Qxd3 c6 10. Nd2 g6 11. Nf3 Bg7 12. Bg5 Qc7 13. Bf6 O-O 14. Qd4 Bf5 15. c3 Rfe8 16. Rfe1 Bxf6 17. exf6 Re4 18. Rxe4 dxe4 19. Nh4 Rd8 20. Qxa7 Be6 21. Qe3 Qe5 22. Nf3 Qxf6 23. Qxe4 Bd5 24. Qe5 Qxe5 25. Nxe5 Bxa2 26. h4 Be6 27. Ra7 f6 28. Nf3 Rd7 29. Nd4 Kf7 30. b4 h5 31. f3 g5 32. Ra5 Bd5 33. hxg5 fxg5 34. Kf2 Kf6 35. Ra8 h4 36. Rf8+ Rf7 37. Rd8 Ke5 38. Ke3 Re7 39. Rh8 Kf6+ 40. Kf2 Ke5 41. Rh5 Kf6 42. Rh6+ Kf7 43. f4 gxf4 44. Rxh4 Re4 45. Rh7+ Kf6 46. Rxb7 Bc4 47. Rb6 Bd5 48. Nxc6 Kg5 49. Nd4 Bc4 50. Rc6 Bd3 51. Re6 Kg4 52. Rxe4 Bxe4 53. b5 Kg5 54. b6 Kf6 55. Ne2 Ke5 56. c4 Bc6 57. Nc3 Bb7 58. Nb5 Ke6 59. c5 Kd5 60. Nd6 Bc6 61. b7 Bxb7 62. Nxb7 Kc6 63. Kf3 Kxb7 64. Kxf4 Kc6 65. Kf5 Kxc5 66. Kf6 Kd6 67. g4 Kd7 68. Kf7 Kd6 69. g5 Ke5 70. g6 Kf5 71. g7 Ke4 72. g8=Q Kd5 73. Qg5+ Ke4 74. Kf6 Kd4 75. Qe5+ Kd3 76. Ke6 Kc4 77. Qe4+ Kc3 78. Kd6 Kd2 79. Qf3 Kc2 80. Kd5 Kd2 81. Kd4 Ke1 82. Qg2 Kd1 83. Kc3 Kc1 84. Qf1# 1-0

[Event "MrDodgy Invitational 3"]
[Site "chess24.com INT"]
[Date "2022.11.25"]
[Round "4.8"]
[White "Daniil Dubov"]
[Black "Vincent Keymer"]
[Result "1-0"]
[EventDate "2022.11.25"]
[WhiteElo "2708"]
[BlackElo "2698"]
[PlyCount "136"]

1. e4 c5 2. Nc3 d6 3. g3 Nc6 4. Bg2 g6 5. Nge2 Bg7 6. O-O e6 7. d3 Nge7 8. Bg5 h6 9. Be3 O-O 10. Qd2 Kh7 11. f4 Nd4 12. Bf2 Rb8 13. Nxd4 cxd4 14. Ne2 e5 15. c3 dxc3 16. Nxc3 b6 17. Be3 exf4 18. Rxf4 Be6 19. Raf1 d5 20. Rh4 h5 21. Bg5 f6 22. Bf4 Rc8 23. Qe2 Qd7 24. exd5 Bg4 25. Rxg4 hxg4 26. Re1 Rfe8 27. Qe6 Qxe6 28. Rxe6 Nf5 29. Nb5 a6 30. Nc7 Rxe6 31. dxe6 Bf8 32. Bb7 Rd8 33. Be4 Nd4 34. Kg2 f5 35. Bd5 Be7 36. Bb7 a5 37. Nd5 Nxe6 38. Nxe7 Nxf4+ 39. gxf4 Rxd3 40. a4 Rd2+ 41. Kg3 Rxb2 42. Bd5 Rb4 43. Bc6 Rb3+ 44. Kg2 Kg7 45. Bb5 Kf6 46. Nd5+ Ke6 47. Nxb6 Kd6 48. Nc4+ Kc5 49. Nxa5 Rb4 50. Nb7+ Kb6 51. Nd6 Rxf4 52. Nc4+ Kc5 53. Ne3 Rb4 54. Nd1 Rb3 55. Nf2 g5 56. Nd3+ Kd4 57. Nc1 Rb2+ 58. Ne2+ Ke3 59. Kf1 f4 60. Nc3 f3 61. Nd1+ Kf4 62. Nxb2 g3 63. hxg3+ Kxg3 64. Nd3 g4 65. Nf2 Kh2 66. Nxg4+ Kg3 67. Nf2 Kf4 68. a5 1-0

[Event "MrDodgy Invitational 3"]
[Site "chess24.com INT"]
[Date "2022.11.25"]
[Round "5.2"]
[White "Van Foreest, Jorden"]
[Black "Daniil Dubov"]
[Result "1/2-1/2"]
[EventDate "2022.11.25"]
[WhiteElo "2690"]
[BlackElo "2708"]
[PlyCount "70"]

1. e4 Nc6 2. Nc3 e5 3. Bc4 Nf6 4. d3 Na5 5. Bb3 Nxb3 6. axb3 d5 7. exd5 Nxd5 8. Nf3 Bb4 9. Bd2 O-O 10. Nxd5 Bxd2+ 11. Nxd2 Qxd5 12. O-O f6 13. Re1 a5 14. Qh5 b6 15. Nc4 Qf7 16. Qxf7+ Kxf7 17. b4 Be6 18. bxa5 Bxc4 19. dxc4 Rxa5 20. Rxa5 bxa5 21. Ra1 Rd8 22. Kf1 Rd2 23. Rxa5 Rxc2 24. Rc5 Rxb2 25. Rxc7+ Kg6 26. g3 Rc2 27. h4 h5 28. c5 Kf5 29. Rxg7 Rxc5 30. Rh7 Kg6 31. Ra7 Rc1+ 32. Kg2 Rc8 33. Kf1 Rc1+ 34. Kg2 Rc8 35. Kf1 Rc1+ 1/2-1/2

[Event "MrDodgy Invitational 3"]
[Site "chess24.com INT"]
[Date "2022.11.25"]
[Round "6.7"]
[White "Daniil Dubov"]
[Black "Magnus Carlsen"]
[Result "0-1"]
[EventDate "2022.11.25"]
[WhiteElo "2708"]
[BlackElo "2859"]
[PlyCount "88"]

1. e4 c5 2. Nc3 h5 3. Nh3 e6 4. b3 Nc6 5. Bb2 g5 6. Nb5 e5 7. Bc4 d6 8. O-O a6 9. Nc3 g4 10. f4 gxh3 11. Bxf7+ Kxf7 12. fxe5+ Kg6 13. Nd5 dxe5 14. Qf3 Be6 15. Qg3+ Qg5 16. Qxg5+ Kxg5 17. Nc7 Bd6 18. Nxe6+ Kg6 19. Rf3 Re8 20. Rg3+ Kf6 21. Ng7 Rf8 22. Rf1+ Ke7 23. Nf5+ Kd7 24. Rxh3 Nge7 25. Ne3 Rxf1+ 26. Kxf1 Ke6 27. c3 b5 28. Bc1 Ng8 29. g4 Nf6 30. d3 b4 31. g5 Ne8 32. cxb4 cxb4 33. Nf5 Ne7 34. Rf3 Bc5 35. Ke2 Rh7 36. h4 Rf7 37. Ng3 Rxf3 38. Kxf3 Ng7 39. Ne2 Ng6 40. Kg3 Kd6 41. Bb2 Ne6 42. Bc1 a5 43. Bd2 Bd4 44. Bc1 Nc5 0-1

[Event "MrDodgy Invitational 3"]
[Site "chess24.com INT"]
[Date "2022.11.25"]
[Round "7.3"]
[White "Alan Pichot"]
[Black "Daniil Dubov"]
[Result "0-1"]
[EventDate "2022.11.25"]
[WhiteElo "2637"]
[BlackElo "2708"]
[PlyCount "184"]

1. e4 Nc6 2. Nf3 e5 3. Bb5 a6 4. Ba4 Nf6 5. O-O b5 6. Bb3 Bc5 7. c3 d6 8. d4 Bb6 9. a4 Rb8 10. a5 Ba7 11. h3 O-O 12. Re1 Bb7 13. Be3 exd4 14. cxd4 Ne7 15. d5 Bxe3 16. Rxe3 c6 17. dxc6 Bxc6 18. Nbd2 Ng6 19. Qe1 Re8 20. Ng5 Re7 21. Ndf3 h6 22. Nd4 Bb7 23. Nxf7 Rxf7 24. Bxf7+ Kxf7 25. Nf5 Qd7 26. Rd1 Nxe4 27. Nd4 Re8 28. Rc1 Re7 29. f3 Nf6 30. Rxe7+ Nxe7 31. Qd2 Kg8 32. Qc2 Nfd5 33. Re1 Qd8 34. b4 Nxb4 35. Qe2 Nbd5 36. Qe6+ Kh7 37. Qf7 Qxa5 38. Re4 Qc3 39. Kh2 Ne3 40. Rxe7 Qxd4 41. Rxb7 Qb2 42. Kg3 Qxg2+ 43. Kf4 Qg5+ 44. Ke4 Qe5+ 45. Kd3 Nd5 46. Kd2 Qf4+ 47. Qxf4 Nxf4 48. h4 Ng6 49. h5 Nf4 50. Rb6 Nxh5 51. Rxd6 Nf4 52. Rxa6 h5 53. Ke3 Nd5+ 54. Kd4 Nf6 55. Ke5 Kg6 56. Kf4 Kf7 57. Ra7+ Kg6 58. Rb7 b4 59. Ke5 h4 60. Rxb4 Kg5 61. Rb7 Nh5 62. Rb1 Ng3 63. Rb4 Kh5 64. Kf4 Ne2+ 65. Kf5 Ng3+ 66. Kf4 Ne2+ 67. Kf5 g6+ 68. Kf6 Nc3 69. Rb8 Nd5+ 70. Ke5 Nf4 71. Rh8+ Kg5 72. Rf8 Nd3+ 73. Ke4 Nf2+ 74. Ke3 Nh3 75. Ke2 Nf4+ 76. Rxf4 Kxf4 77. Kf2 g5 78. Kg2 g4 79. Kg1 g3 80. Kf1 h3 81. Kg1 Kxf3 82. Kh1 Kf4 83. Kg1 Kg4 84. Kh1 Kg5 85. Kg1 Kh4 86. Kf1 g2+ 87. Kg1 Kg4 88. Kh2 Kf4 89. Kg1 Kf3 90. Kh2 Kf2 91. Kxh3 g1=Q 92. Kh4 Qg3+ 0-1

[Event "MrDodgy Invitational 3"]
[Site "chess24.com INT"]
[Date "2022.11.25"]
[Round "8.6"]
[White "Daniil Dubov"]
[Black "Gawain C B Jones"]
[Result "1-0"]
[EventDate "2022.11.25"]
[WhiteElo "2708"]
[BlackElo "2623"]
[PlyCount "110"]

1. e4 e5 2. Nf3 Nc6 3. Nc3 Nf6 4. d4 exd4 5. Nxd4 Bb4 6. Nxc6 bxc6 7. Bd3 d5 8. exd5 O-O 9. O-O cxd5 10. Qf3 c6 11. Bg5 h6 12. Bxf6 Qxf6 13. Qxf6 gxf6 14. Ne2 Rb8 15. b3 Bd7 16. Rad1 Rfe8 17. Nd4 Re5 18. Nf3 Re7 19. Nh4 Rbe8 20. Nf5 Re5 21. f4 Rxf5 22. g4 Rfe5 23. fxe5 Bxg4 24. exf6 Bxd1 25. Rxd1 Re1+ 26. Rxe1 Bxe1 27. Ba6 c5 28. Bb7 d4 29. Kg2 Bh4 30. Kf3 Bxf6 31. Ke4 Be7 32. Kd5 Kg7 33. Kc6 f5 34. Kb5 Bd8 35. Kxc5 Bb6+ 36. Kd5 Kf6 37. b4 d3 38. cxd3 Bg1 39. h3 Bf2 40. d4 Be1 41. Kc5 f4 42. a4 Ke7 43. Bf3 Kd7 44. b5 Ba5 45. Kd5 Bd2 46. Ke5 Bc3 47. Ke4 Kd6 48. d5 Bd2 49. Kf5 Kc5 50. Ke6 Ba5 51. d6 Kb4 52. Bd1 f3 53. Bxf3 Kxa4 54. Be2 Kb4 55. d7 1-0

[Event "MrDodgy Invitational 3"]
[Site "chess24.com INT"]
[Date "2022.11.25"]
[Round "9.4"]
[White "Luis Paulo Supi"]
[Black "Daniil Dubov"]
[Result "1-0"]
[EventDate "2022.11.25"]
[WhiteElo "2612"]
[BlackElo "2708"]
[PlyCount "58"]

1. e4 Nc6 2. Nf3 d5 3. exd5 Qxd5 4. Nc3 Qh5 5. Be2 Bg4 6. h3 O-O-O 7. O-O Bxf3 8. Bxf3 Qg6 9. Nb5 e5 10. Bxc6 bxc6 11. Nc3 f5 12. Qe2 Bd6 13. d4 exd4 14. Qa6+ Kd7 15. Ne2 c5 16. Qa4+ Kc8 17. Qa6+ Kd7 18. Qa4+ Kc8 19. b4 Ne7 20. Qa6+ Kd7 21. Qb5+ Nc6 22. bxc5 Rb8 23. Qc4 Rb4 24. Qd5 Rb5 25. Nf4 Qf6 26. Nd3 Rhb8 27. a4 Ra5 28. Bd2 Ne7 29. Qc4 1-0

[Event "MrDodgy Invitational 3"]
[Site "chess24.com INT"]
[Date "2022.11.25"]
[Round "10.5"]
[White "Daniil Dubov"]
[Black "Baskaran Adhiban"]
[Result "1-0"]
[EventDate "2022.11.25"]
[WhiteElo "2708"]
[BlackElo "2603"]
[PlyCount "102"]

1. e4 c5 2. Nc3 Nc6 3. g3 g6 4. Bg2 Bg7 5. d3 d6 6. Nge2 Rb8 7. a4 a6 8. O-O b5 9. axb5 axb5 10. Bg5 h6 11. Bd2 b4 12. Nd5 e6 13. Ne3 Nge7 14. Qc1 h5 15. h4 O-O 16. Kh2 Bb7 17. Qd1 d5 18. exd5 exd5 19. Nf4 Ne5 20. Ra7 Bc6 21. Re1 d4 22. Nc4 Nxc4 23. Rexe7 Bxg2 24. dxc4 Ba8 25. Nxg6 Rb7 26. Rexb7 Bxb7 27. Nxf8 Qb6 28. Rxb7 Qxb7 29. Nh7 Kxh7 30. Qxh5+ Kg8 31. Qd5 Qxd5 32. cxd5 d3 33. c3 b3 34. g4 c4 35. Kg3 Bf8 36. Kf3 Ba3 37. Bc1 d2 38. Bxd2 Bxb2 39. Ke2 Kf8 40. h5 Ba3 41. Kd1 f6 42. f4 Kf7 43. g5 fxg5 44. fxg5 Bf8 45. Be3 Bg7 46. Bd4 Bf8 47. g6+ Kg8 48. Be5 Bh6 49. d6 Kf8 50. Bf6 Ke8 51. g7 1-0

[Event "MrDodgy Invitational 3"]
[Site "chess24.com INT"]
[Date "2022.11.25"]
[Round "11.5"]
[White "Salgado Lopez, Ivan"]
[Black "Daniil Dubov"]
[Result "0-1"]
[EventDate "2022.11.25"]
[WhiteElo "2591"]
[BlackElo "2708"]
[PlyCount "128"]

1. e4 e5 2. Nf3 Nc6 3. Nc3 Nf6 4. d4 exd4 5. Nxd4 Bb4 6. Nxc6 bxc6 7. Bd3 O-O 8. O-O d5 9. exd5 cxd5 10. h3 c6 11. Qf3 Rb8 12. Bf4 Bd6 13. b3 Be6 14. Rfe1 Qc7 15. Ne2 Rfe8 16. Bxd6 Qxd6 17. Nf4 Bd7 18. Qg3 Qb4 19. c3 Qa3 20. Re3 Rxe3 21. Qxe3 Re8 22. Qd2 Qd6 23. b4 g6 24. Ne2 c5 25. bxc5 Qxc5 26. Nd4 Rc8 27. Rc1 Kg7 28. Qe3 Qa3 29. Qd2 h6 30. f3 a5 31. Bf1 a4 32. h4 Qd6 33. Re1 Qg3 34. Qf2 Qxf2+ 35. Kxf2 Rxc3 36. Re2 Rd3 37. Nc2 Kf8 38. Re1 Rc3 39. Nd4 Ra3 40. Re2 Rd3 41. Nc2 Rc3 42. Nd4 g5 43. hxg5 hxg5 44. Rd2 Ke7 45. Be2 Kd6 46. Bd1 g4 47. Be2 g3+ 48. Ke1 Nh5 49. Bb5 Nf4 50. Bxd7 Rc1+ 51. Rd1 Nxg2+ 52. Kd2 Rxd1+ 53. Kxd1 Kxd7 54. Ne2 Ne3+ 55. Kd2 Nf5 56. Kc3 Kd6 57. Kb4 d4 58. Kc4 g2 59. f4 Kc6 60. a3 Kd6 61. Ng1 Ke6 62. Ne2 Kf6 63. Kd3 Kg6 64. Ke4 Ng3+ 0-1

[Event "MrDodgy Invitational 3"]
[Site "chess24.com INT"]
[Date "2022.11.25"]
[Round "12.4"]
[White "Daniil Dubov"]
[Black "Baadur Jobava"]
[Result "1/2-1/2"]
[EventDate "2022.11.25"]
[WhiteElo "2708"]
[BlackElo "2578"]
[PlyCount "168"]

1. e4 e5 2. Nf3 Nf6 3. Nc3 Nc6 4. d4 d6 5. dxe5 Nxe5 6. Be2 Be7 7. O-O O-O 8. Re1 Re8 9. a4 Bf8 10. a5 c6 11. h3 Ng6 12. Bd3 Nd7 13. Bg5 Qc7 14. Bf1 h6 15. Be3 Nf6 16. Bd4 Ne5 17. Be3 Bd7 18. Nxe5 dxe5 19. Bc4 b5 20. axb6 axb6 21. Qf3 b5 22. Bb3 Be7 23. Qg3 Nh5 24. Qf3 Nf6 25. Qg3 Kf8 26. Qf3 Rec8 27. Rad1 Be8 28. Ra1 Nd7 29. Qf5 Kg8 30. Qg4 Nf6 31. Qg3 Nh5 32. Qf3 Nf6 33. Qg3 Kf8 34. Qf3 Qd6 35. Rad1 Qb8 36. Ra1 Rd8 37. Rad1 Rxd1 38. Rxd1 Qc7 39. Qf5 Kg8 40. Qg6 Kf8 41. Qf5 Bd7 42. Qf3 Qc8 43. Qg3 Qc7 44. Qf3 b4 45. Ne2 c5 46. Bc4 Qb7 47. Ng3 Bc6 48. Qf5 Bxe4 49. Nxe4 Qxe4 50. Qxe4 Nxe4 51. Rd7 Ra1+ 52. Kh2 f5 53. Bd3 Nf6 54. Rc7 f4 55. Bxc5 Bxc5 56. Rxc5 e4 57. Bc4 e3 58. fxe3 fxe3 59. Re5 Re1 60. Kg3 Rc1 61. Bd3 Re1 62. Kf3 g5 63. Rxe3 Rb1 64. b3 Kf7 65. Re5 Nd7 66. Rb5 Kf6 67. Rxb4 Ne5+ 68. Ke4 Re1+ 69. Kd5 g4 70. Rb6+ Kg5 71. hxg4 Nxg4 72. Rg6+ Kf4 73. Re6 Ne3+ 74. Kd6 Nxg2 75. Rxe1 Nxe1 76. b4 h5 77. b5 Nxd3 78. cxd3 h4 79. b6 h3 80. b7 h2 81. b8=Q h1=Q 82. Qb4+ Ke3 83. Qe4+ Qxe4 84. dxe4 Kxe4 1/2-1/2

[Event "MrDodgy Invitational 3"]
[Site "chess24.com INT"]
[Date "2022.11.25"]
[Round "13.6"]
[White "Rauf Mamedov"]
[Black "Daniil Dubov"]
[Result "1/2-1/2"]
[EventDate "2022.11.25"]
[WhiteElo "2646"]
[BlackElo "2708"]
[PlyCount "48"]

1. e4 e5 2. Nf3 Nc6 3. Bb5 a6 4. Bxc6 dxc6 5. O-O Qf6 6. d3 Ne7 7. Re1 Ng6 8. Nbd2 Bc5 9. Nf1 Bg4 10. Be3 Bxf3 11. Qxf3 Qxf3 12. gxf3 Be7 13. Nd2 O-O-O 14. Kf1 h6 15. Ke2 Bg5 16. Rg1 Kd7 17. a4 a5 18. Rg4 Ke6 19. Rag1 b6 20. b3 c5 21. Kd1 Rh7 22. Ke2 Rhh8 23. Kd1 Rh7 24. Ke2 Rhh8 1/2-1/2

[Event "MrDodgy Invitational 3"]
[Site "chess24.com INT"]
[Date "2022.11.25"]
[Round "14.3"]
[White "Daniil Dubov"]
[Black "Ten Hertog, Hugo"]
[Result "1-0"]
[EventDate "2022.11.25"]
[WhiteElo "2708"]
[BlackElo "2528"]
[PlyCount "62"]

1. e4 g6 2. d4 Bg7 3. Nf3 d6 4. Nc3 a6 5. Bc4 e6 6. Bg5 Ne7 7. Qd2 h6 8. Be3 Nd7 9. a4 b6 10. Bb3 Bb7 11. O-O g5 12. Ne1 Ng6 13. f3 Qf6 14. Ne2 Nf4 15. c3 Nxe2+ 16. Qxe2 e5 17. Nc2 Qg6 18. Nb4 exd4 19. cxd4 c5 20. Bd5 Bxd5 21. Nxd5 Ra7 22. Rad1 Qe6 23. dxc5 bxc5 24. f4 gxf4 25. Nxf4 Qe5 26. Nh5 Qxb2 27. Nxg7+ Qxg7 28. Rxd6 Ne5 29. Bxc5 Rc7 30. Rd5 Ng4 31. Qxa6 1-0

[Event "MrDodgy Invitational 3"]
[Site "chess24.com INT"]
[Date "2022.11.25"]
[Round "15.7"]
[White "Simon K Williams"]
[Black "Daniil Dubov"]
[Result "0-1"]
[EventDate "2022.11.25"]
[WhiteElo "2467"]
[BlackElo "2708"]
[PlyCount "32"]

1. d4 Nf6 2. c4 e6 3. g4 Ng8 4. h4 Ne7 5. e4 d5 6. cxd5 exd5 7. e5 h5 8. gxh5 c5 9. Bg5 Nbc6 10. dxc5 d4 11. Nd2 Qd5 12. Nc4 Qxh1 13. Nd6+ Kd7 14. Qg4+ Kc7 15. e6 Bxe6 16. Qf4 Nd5 0-1

[Event "75th Russian Championship"]
[Site "Cheboksary RUS"]
[Date "2022.09.22"]
[Round "11.1"]
[White "Daniil Dubov"]
[Black "Ilia Iljiushenok"]
[Result "1-0"]
[EventDate "2022.09.11"]
[WhiteElo "2702"]
[BlackElo "2551"]
[PlyCount "64"]

1. e4 e5 2. Nf3 Nf6 3. d4 Nxe4 4. Bd3 d5 5. Nxe5 Nd7 6. Nc3 Bb4 7. O-O Nxe5 8. dxe5 Nxc3 9. bxc3 Bxc3 10. Rb1 O-O 11. Bxh7+ Kxh7 12. Qd3+ Kg8 13. Qxc3 a5 14. Rd1 Re8 15. Bf4 Qd7 16. Rd3 Qf5 17. Qd2 Qh7 18. Rxd5 b6 19. Rd4 Be6 20. a3 Qg6 21. Re1 c5 22. Rd3 Bf5 23. Rd6 Re6 24. Re3 Rae8 25. Rg3 Qh5 26. Rg5 Qh7 27. h4 Rxd6 28. exd6 Bd7 29. Be5 Qxh4 30. Bf6 Qe4 31. Rxg7+ Kf8 32. Qh6 1-0

[Event "75th Russian Championship"]
[Site "Cheboksary RUS"]
[Date "2022.09.21"]
[Round "10"]
[White "Ale Rakhmanov"]
[Black "Daniil Dubov"]
[Result "1/2-1/2"]
[EventDate "2022.09.11"]
[WhiteElo "2633"]
[BlackElo "2702"]
[PlyCount "44"]

1. d4 Nf6 2. c4 e6 3. Nc3 d5 4. cxd5 exd5 5. Bg5 Be7 6. e3 O-O 7. Bd3 Re8 8. Nge2 c6 9. O-O a5 10. Rc1 Na6 11. h3 Nc7 12. Qc2 g6 13. Bf4 Ne6 14. Be5 Bd6 15. Bxd6 Qxd6 16. Na4 Qd8 17. Nc5 Ng5 18. Ng3 Qd6 19. Rfe1 Rb8 20. Nb3 Qc7 21. Nc5 b6 22. Na6 Bxa6 1/2-1/2